Word Ladder: New Wave Music Quiz Stats

 Plays Quiz Updated Jul 12, 2018

Challenge
Share
Tweet
Embed
Score 0/24 Timer 03:00
0 Plays Today
Clue 4-Letter Word % Correct
Place to deposit moneyBANK
98.3%
Type of stacked bedBUNK
97.5%
Opposite of lessMORE
96.9%
A layer of a large boatDECK
96.6%
Chose from a number of optionsPICK
96.2%
Poke at, like a birdPECK
96.1%
Meat taken from a pigPORK
95.7%
Morse, e.g.CODE
95.6%
Ace of spades, e.g.CARD
95.2%
🎵 Depeche ___🎵MODE🎵
95.1%
Skin openingPORE
94.9%
A style of architecture:
'Art ___'
DECO
94.9%
Clue 4-Letter Word % Correct
Genre of music for The RamonesPUNK
94.5%
Central partCORE
93.9%
An oddball personDORK
91.2%
🎵 Kissing the ___🎵PINK🎵
91%
A bit of cottage cheeseCURD
90%
Lay out in the sunBASK
89.7%
🎵 'Friday I'm in Love' band with 'The' 🎵CURE🎵
88.3%
🎵 Orchestral Manoeuvres in the ___🎵DARK🎵
87.1%
A container of wine or rumCASK
85.7%
🎵 1979 hit for Gary Numan🎵CARS🎵
78.3%
Famous musical 'Mama'CASS
77%
🎵 'Whip It' band🎵DEVO🎵
73.7%

Today's Daily Dose

You're not logged in!

Compare scores with friends on all Sporcle quizzes.
Join for Free
OR
Log In

You Might Also Like...

Show Comments

Extras

Top Quizzes Today


Score Distribution

Your Account Isn't Verified!

In order to create a playlist on Sporcle, you need to verify the email address you used during registration. Go to your Sporcle Settings to finish the process.

Report this User

Report this user for behavior that violates our Community Guidelines.

Details: